LIBRARY & INFORMATION CENTRE, KCAET, TAVANUR

ONLINE PUBLIC ACCESS CATALOGUE (OPAC)

Rice Science and Technology (Record no. 14657)

MARC details
000 -LEADER
fixed length control field 00331nam a22001337a 4500
020 ## - INTERNATIONAL STANDARD BOOK NUMBER
ISBN 9780824788872
082 ## - DEWEY DECIMAL CLASSIFICATION NUMBER
Classification number 633.18
Item number MAR/RI
245 ## - TITLE STATEMENT
Title Rice Science and Technology
260 ## - PUBLICATION, DISTRIBUTION, ETC. (IMPRINT)
Place of publication New York
Name of publisher Marcel Dekker,Inc.
Year of publication 2014
300 ## - PHYSICAL DESCRIPTION
Number of Pages 470
700 ## - ADDED ENTRY--PERSONAL NAME
Personal name Marshall,Wayne E.
700 ## - ADDED ENTRY--PERSONAL NAME
Personal name Wadsworth,James I.
942 ## - ADDED ENTRY ELEMENTS (KOHA)
Koha item type Books
Holdings
Withdrawn status Lost status Damaged status Collection code Home library Current library Shelving location Date acquired Source of acquisition Cost, normal purchase price Full call number Accession Number Koha item type
        KAUAET KAUAET General Stacks 23/07/2016 Dream Tech, Trivandrum. 3995.00 633.18 MAR/RI 24451 Books
free website counter